01725nam a2200289 a 4500001001000000005001700010008004100027041000800068044000800076084002000084100004500104245012600149260003600275300002200311500024800333500045600581500003601037500001101073546002401084650005201108650005601160650003401216650004501250700003901295700005101334740005001385BRCA_335820190320204236.0260309s1895----enka---###---#000-0#eng-# aeng aenk a652b.G53c18951 aCervantes Saavedra, Miguel ded1547-161610aThe History of the Valorous and Witty Knight-Errant Don Quixote of la ManchacBy Cervantes; Translated by Thomas Shelton. aLondresbGibbings and Co.c1895 a4 v.bil.c18 cm. aContenido : v.1. Primera parte. Prefacio por J. Huntly McCarthy. Prólogo del autor. Versos preliminares. Retrato de Cervantes por Kent. -- v.2. Primera parte. Texto. -- v.3. Segunda parte. Prólogo de Cervantes. -- v.4. Segunda parte. Texto aUna de muchas reproducciones de la edición príncipe de la versión de Thomas Shelton, con una sucinta introducción de J. H. McCarthy en la cual hace indicaciones sobre algunas de las principales traducciones inglesas y otras, para justificar la reimpresión de la primera. El retrato de Cervantes es de Kent y las láminas que carecen de propiedad y originalidad son de Frank Brangwyn. Semipiel; lomeras decoradas con dorados Lúdovik Osterc aCon ex-libris de : Elsie Aitken aQM1050 aTexto en : inglés14aNovela españolayÉpoca clásica, 1500-170014aLiteratura españolayÉpoca clásica, 1500-170014aNovela españolaySiglo XVII14aDon Quijote (Personaje ficticio)eNovela1 aShelton, Thomasd?-1626eTraductor1 aBrangwyn, Frank Williamd1867-1956eIlustrador0 aEl Ingenioso Hidalgo Don Quijote de la Mancha